000 00775nam a2200253Ia 4500
003 OSt
005 20220923222939.0
006 a|||||r|||| 00| 0
007 ta
008 220922b |||||||| |||| 00| 0 hin d
024 _a208,932
037 _cTextual
040 _aARTS
_cARTS
_bhin
041 _2hin
_ahin
082 _aO152,3N488x, N4
100 _aअनत, रमेश
245 0 _aअगले साल दिसंबर मंे
246 _aAgale sāl disanbar hine
260 _aदिल्ली
_b आर्य प्रका0
_c1994
300 _a132पृ.
_ccm.
650 _aहिन्दी साहित्य
_9156264
942 _hO152,3N488x, N4
_cTEXL
_2CC
999 _c359519
_d359519